Management Accounting, B.B.A. (Sem.-III) With CD (Record no. 46921)
[ view plain ]
| 000 -LEADER | |
|---|---|
| fixed length control field | 00531nam a2200193Ia 4500 |
| 008 - FIXED-LENGTH DATA ELEMENTS--GENERAL INFORMATION | |
| fixed length control field | 220531s9999 xx 000 0 und d |
| 041 ## - LANGUAGE CODE | |
| Language code of text/sound track or separate title | eng |
| 082 ## - DEWEY DECIMAL CLASSIFICATION NUMBER | |
| Classification number | - |
| Item number | MAN / DUM |
| 100 ## - MAIN ENTRY--PERSONAL NAME | |
| Personal name | Dumbre, G. M. and Others |
| 9 (RLIN) | 85353 |
| 245 ## - TITLE STATEMENT | |
| Title | Management Accounting, B.B.A. (Sem.-III) With CD |
| 250 ## - EDITION STATEMENT | |
| Edition statement | 1ST |
| 260 ## - PUBLICATION, DISTRIBUTION, ETC. (IMPRINT) | |
| Place of publication, distribution, etc. | Pune |
| Name of publisher, distributor, etc. | Success |
| Date of publication, distribution, etc. | 2014 |
| 300 ## - PHYSICAL DESCRIPTION | |
| Extent | 5.48 |
| 542 ## - INFORMATION RELATING TO COPYRIGHT STATUS | |
| Copyright holder | 24-11-2016 |
| 551 ## - | |
| -- | Bba |
| -- | Non-grant-BBA |
| 650 ## - SUBJECT ADDED ENTRY--TOPICAL TERM | |
| Topical term or geographic name as entry element | Management Accounting |
| 9 (RLIN) | 85354 |
| 906 ## - LOCAL DATA ELEMENT F, LDF (RLIN) | |
| c | S.Y.B.B.A. |
| d | 2016-2017 |
| f | 9813 |
| Withdrawn status | Lost status | Source of classification or shelving scheme | Damaged status | Not for loan | Collection code | Home library | Current library | Date acquired | Vendor | Cost, normal purchase price | Total Checkouts | Total Holds | Full call number | Barcode | Date last seen | Cost, replacement price | Bill Date | Koha item type | Original Barcode |
|---|---|---|---|---|---|---|---|---|---|---|---|---|---|---|---|---|---|---|---|
| Withdrawn | Dewey Decimal Classification | Shri Siddhivinayak Mahila Mahavidyalaya | Shri Siddhivinayak Mahila Mahavidyalaya | 13/12/2016 | Ved | 240.00 | 2 | -/MAN/DUM/B/21322 | SSMM-BK-21322 | 06/08/2022 | 240.00 | 06/08/2022 | Books | 010021322 |